000 00473nam a2200169 a 4500
001 000025439
005 20200930023805.0
008 110216s1975 nyu r 000 0 eng d
020 _a34524415X195
040 _aDO-SdBNP
_bspa
_cBNPHU
082 _axxxxx
_bK975
245 0 4 _aThe best of Henry Kuttner /
_cintroduction Ray Bradbury.
260 _aNew York :
_bBallantine Books,
_c1975.
300 _axv, 398 p. ;
_c18 cm.
700 1 _aBradbury, Ray
_947111
049 _aBNGR
999 _c24931
_d24931